Il mercato immobiliare residenziale nella realt ̉di Bari

Detalles Bibliográficos
Formato: eBook
Lenguaje:italiano
Publicado: Bari: Cacucci Editore, 2013
Materias:
Acceso en línea:Acceso restringido

MARC

LEADER 00000nam a22000007a 4500
005 20140603224054.0
007 cr|||| ||||
008 140603s2013 it |||||s|||| 00||0 ita d
035 |a 12200 
040 |a vLex 
090 |c 4990  |d 4990 
245 0 3 |a Il mercato immobiliare residenziale nella realt ̉di Bari  |h [Recurso electrn̤ico] / 
256 |a Servicio en ln̕ea 
260 |a Bari:  |b Cacucci Editore,  |c 2013 
300 |a 1 recurso electrn̤ico 
500 |a Scenario immobiliare 1999/2010. Dinamiche Analisi Scenari. Atti del Convegno 13 Gennaio 2012 Camera di Commercio di Bari. 
506 1 |a Disponible solo en los productos indicados  |d vLex Global  |d vLex Global (Academic Edition, excluding Law Schools)  |d vLex Global (U.S. Academic Edition, Law Schools)  |d vLex Global (U.S. Academic Edition, excluding Law Schools)  |d vLex Global (Academic Edition, Law Schools) 
650 0 4 |a Derecho Civil  |z Italia 
740 0 |a vLex Libros (Servicio en ln̕ea) 
856 4 0 |u http://vlex.com/source/mercato-immobiliare-residenziale-realta-bari-12200  |z Acceso restringido 
942 |c BOOK 
999 0 |a Civil Law